000 00683nam a2200169 i 4500
001 135871
003 ES-MaACL
005 20230906194958.0
007 t|
008 070214s1907 sp r ||||1| spa d
100 1 _aRuiz-Castizo Ariza, José.
_9100706
245 1 0 _aTratado de Mecánica racional
_b: apropiado a la enseñanza en las facultades de Ciencias y en las escuelas especiales /
_cpor José Ruiz-Castizo.
260 _aMadrid :
_b[s. n.],
_c1907 (
_fImp. Fortanet)
300 _a2 v. :
_bil. ;
_c24 cm.
505 8 _aContiene: 1. Teoría general de los sistemas de vectores. Cinemática. Estática -- 2. [Noción fundamental de la fuerza]
852 _aES-MaACL
_jF-4222-23
999 _c135871
_d135871